02306cam a22003255a 4500999001700000005001700017008004100034020001800075040004700093043001200140082002100152100002000173245007800193260006600271300002500337504005200362520099000414650003301404650003901437650004401476650006801520650006001588650003701648650002001685651005201705651005201757653002201809942000801831952014101839 c27289d2726020190327135447.0180419t2018 enka frb 001 0 eng d a9781108446167 aIEN/DLCbengcIENdDLCdEG-ScBUEdEG-ScBUE af------04a323.096bTAO2221 aTaoua, Phyllis.10aAfrican freedom :bhow Africa responded to independence /cPhyllis Taoua. aCambridge ;aNew York :bCambridge University Press,cc.2018. axi, 321 p. ;c24 cm. aIncludes bibliographical references and index.  aThe push for independence in African nations was ultimately an incomplete process, with the people often left to wrestle with a partial, imperfect legacy. Rather than settle for liberation in name alone, the people engaged in an ongoing struggle for meaningful freedom. Phyllis Taoua shows how the idea of freedom in Africa today evolved from this complex history. With a pan-African, interdisciplinary approach, she synthesizes the most significant issues into a clear, compelling narrative. Tracing the evolution of a conversation about freedom since the 1960s, she defines three types and shows how they are interdependent. Taoua investigates their importance in key areas of narrative interest: the intimate self, gender identity, the nation, global capital, and the spiritual realm. Allowing us to hear the voices of African artists and activists, this compelling study makes sense of their struggle and the broad importance of the idea of freedom in contemporary African culture. 7aHuman rightszAfrica.2BUEsh 7aHuman rights in literature.2BUEsh 7aHuman rights in motion pictures.2BUEsh 7aAfrican literaturey20th centuryxHistory and criticism.2BUEsh 7aMotion pictures, AfricanxHistory and criticism.2BUEsh 7aSelf-realizationzAfrica.2BUEsh 7aLiberty.2BUEsh 7aAfricaxSocial conditionsy20th century.2BUEsh 7aAfricaxSocial conditionsz21st century.2BUEsh bBUSBOLcMarch2019 2ddc 00102ddc40708AlahramaMAINbMAINc1STd2019-03-25ePurchaseg539.00h526l0o323.096 TAOp000043282r2025-07-15 00:00:00v673.75yBB